000 00237nam a22000977a 4500
999 _c153931
_d153931
082 _a
_b
245 _aSolved papers up to 2012 SBI & associates clerical cadre recruitment exam/
260 _a
_bArihant,
_c
650 _a
942 _cBK